You Can Have It All (Record no. 68708)
[ view plain ]
| 000 -LEADER | |
|---|---|
| fixed length control field | 00245nam a22001097a 4500 |
| 082 ## - DEWEY DECIMAL CLASSIFICATION NUMBER | |
| Classification number | 080/DAS |
| 100 ## - MAIN ENTRY--AUTHOR NAME | |
| Personal name | Das,Gaur Gopal |
| 245 ## - TITLE STATEMENT | |
| Title | You Can Have It All |
| 260 ## - PUBLICATION, DISTRIBUTION, ETC. (IMPRINT) | |
| Place of publication | Harayana |
| Name of publisher | Harpercolins |
| Year of publication | 2026 |
| 650 ## - SUBJECT ADDED ENTRY--TOPICAL TERM | |
| Topical Term | Motivation |
| 942 ## - ADDED ENTRY ELEMENTS (KOHA) | |
| Koha item type | Books |
| Withdrawn status | Lost status | Damaged status | Not for loan | Home library | Current library | Date acquired | Cost, normal purchase price | Full call number | Accession Number | Price effective from | Koha item type |
|---|---|---|---|---|---|---|---|---|---|---|---|
| MACL | MACL | 26/02/2026 | 399.00 | 080/DAS | DPI004167 | 26/02/2026 | Books |









